LEADER 01449nam a2200253 4500 001 000000356328 003 CaOOAMICUS 005 20231201143115.0 008 231201s1823 it a 000 u ita r 026 $aC.TO a.l- o.to orfa (3) 1823 (A) 040 $aSeMil$bita 100 11$aArtaria, Ferdinando,$d<1781-1843>.$0(OLS)http://semarc/name/118760 245 13$aIl Duomo di Milano ossia Descrizione storico-critica di questo insigne tempio e degli oggetti d'arte che lo adornano corredata di 65 tavole. 264 1$aMilano :$bpresso F. Artaria editore e negoziante di musica e stampe nella Contrada di S.ta Margherita n. 1110,$c1823. 300 $aIX, 117, [1] p., 65 carte di tav. di cui 4 ripieg. :$bill. ;$c4° 500 $aSegn.: [1]? 2-16? 500 $aIl nome dell'A. in calce alla dedica 650 4$aMilano - Duomo.$0(OLS)http://semarc/subject/2739 700 1 $aArtaria, Ferdinando,$c.$0(OLS)http://semarc/name/90918 850 $aSeMil 852 $aSeMil$W1$xVenegono$y1$m5D IX 4 FA$j244908$B247499$CSeMilBibl$Z2$F247499 $8I 996 $6245$aIl Duomo di Milano ossia Descrizione storico-critica di questo insigne tempio e degli oggetti d'arte che lo adornano corredata di 65 tavole$9(OLS)http://semarc/title/446588 996 $6264$aMilano :$bpresso F. Artaria editore e negoziante di musica e stampe nella Contrada di S.ta Margherita n. 1110$9(OLS)http://semarc/publisher/61409 LEADER 01597nam a2200349 i 4500 001 000000187850 003 CaOOAMICUS 005 20180605000000.0 008 180605s2013 it u000 u ita u 013 $a165974 020 $a978-88-6512-223-5 040 $aSeMil$bita 100 0 $aIoannes XXIII,$c.$0(OLS)http://semarc/name/1335 245 13$aLa Sacra Scrittura e San Lorenzo Giustiniani :$blettera pastorale per la Quaresima 1956 /$cAngelo Giuseppe Roncalli Giovanni 23. 260 $aVenezia :$bMarcianum Press,$ccopyr. 2013. 300 $a91 p., [1] p. di tav. ;$c18 cm. 490 0 $aStrumenti di comunicazione ;$v7 500 $aDono del Card. Angelo Scola. 600 14$aGiustiniani, Lorenzo .$0(OLS)http://semarc/subject/3607 650 4$aGiovanni XXIII - Scritti e discorsi.$0(OLS)http://semarc/subject/532 830 0$aStrumenti di comunicazione ;$v7.$0(OLS)http://semarc/title/400515 850 $aSeMil 852 $aSeMil$W1$xVenegono$y1$m3H VI 341$j138537$B138537$CSeMilBibl$Z2$F149996 $81 900 1 $aRoncalli, Angelo Giuseppe,$d<1881-1963>. 900 0 $aGiovanni XXIII$c. 941 1 $a6 961 $aOmaggio: Scola Card. Angelo 996 $6020$a978-88-6512-223-5$9(OLS)http://semarc/number/274259 996 $6245$aLa Sacra Scrittura e San Lorenzo Giustiniani :$blettera pastorale per la Quaresima 1956$9(OLS)http://semarc/title/409146 996 $6260$aVenezia :$bMarcianum Press$9(OLS)http://semarc/publisher/31536